| 000 | 004490000a22001930004500 | ||
|---|---|---|---|
| 999 |
_c47643 _d47643 |
||
| 001 | 400 | ||
| 003 | CO-MdFUSB | ||
| 005 | 20180918162309.0 | ||
| 008 | 180918b xxu||||| |||| 00| 0 eng d | ||
| 020 | _a0-399-23013-0 | ||
| 040 | _cCO-MdBIC | ||
| 082 | 0 | 4 | _a818A C19zo |
| 100 | 1 | _aCarle, Eric | |
| 245 | 1 | 0 | _a1 2 3 To the zoo / Eric Carle |
| 300 | _a[ 14 P. ] | ||
| 500 | _atexto de pasta dura | ||
| 650 | 1 | 4 | _aLiteratura Infantil |
| 942 | _cLGB | ||